000 00396nam a2200157 i 4500
001 bg
100 1 _aPIECZYŃSKA, E.
245 0 _aEkologia a ochrona środowiska człowieka /
_cE. Pieczyńska, I. Swodniewska.
250 _aWyd. 2.
260 _aWarszawa,
_c1979.
700 1 _aSWODNIEWSKA, I.
040 _cBPK
041 _apol
942 _cKS
008 s pl f |000 0 pol
999 _c22777
_d22777
856 _uhttp://koha.tu.koszalin.pl/cgi-bin/koha/opac-detail.pl?biblionumber=22777
_yKatalog online BPK